000
00289nam a22001217a 4500
008
180207b xxu||||| |||| 00| 0 eng d
041
_a
eng
080
_a
L 021 CHAN
100
_a
0
101
_a
LIB
245
_a
Cataloging and classification an introduction
_c
Chan,L.M
942
_2
udc
_c
BK
999
_c
42037
_d
42037